La disciplina en la escuela secundaria
保存先:
| 第一著者: | |
|---|---|
| フォーマット: | 図書 |
| 言語: | スペイン語 |
| 出版事項: |
Buenos Aires
EUDEBA
1965
|
| シリーズ: | Escuela en el tiempo. Cuadernos del secundario, 19
|
| 主題: | |
| タグ: |
タグ追加
タグなし, このレコードへの初めてのタグを付けませんか!
|
MARC
| LEADER | 00000nam a2200000 a 4500 | ||
|---|---|---|---|
| 001 | UCY8403 | ||
| 003 | CL-VaPUC | ||
| 008 | 950703e19650000AG |||||||||||||||||spa|d | ||
| 082 | 0 | 4 | |a 371.5 |b LEG |2 21 |
| 100 | 0 | |a Leguizamón, Carlos Alberto |e author |9 339742 | |
| 245 | 1 | 3 | |a La disciplina en la escuela secundaria |
| 300 | |a 70 p | ||
| 942 | |c BK | ||
| 945 | |d 19950703 00:00:00 |a mfernand | ||
| 260 | |a Buenos Aires |b EUDEBA |c 1965 | ||
| 650 | 0 | |a Disciplina escolar |9 271077 | |
| 650 | 0 | |a Adolescentes |9 308058 | |
| 650 | 0 | |a Autoridad del docente |9 338924 | |
| 650 | 7 | |a PSICOSOCIOLOGIA EDUCACIONAL |2 CL-VaPUC |9 338387 | |
| 583 | |a last modification |c 20160602 17:24:44 |k Rodrigo Vera | ||
| 490 | 0 | |a Escuela en el tiempo. Cuadernos del secundario, 19 | |
| 999 | |c 235660 |d 235658 | ||
| 952 | |0 0 |1 0 |4 0 |6 371_500000000000000_LEG_1965 |7 0 |8 P |9 243223 |a BIBEDU |b BIBEDU |c BIBEDU_PB |d 2019-11-18 |i 1525441 |o 371.5 LEG 1965 |p 1525441 |r 2024-01-25 |w 2019-11-18 |y BK |k EDU | ||